banner-ar

الكنز المكنون فى اصول كتابة الرسائل : (Record no. 48310)

MARC details
000 -الفاتح
حقل البيانات ثابتة الطول 00709nam a2200169Ia 4500
008 - عناصر البيانات ثابتة الطول - معلومات عامة
حقل البيانات ثابتة الطول 140319s9999 xx 000 0 ara d
040 ## - مصدر الفهرسة
وكالة الفهرسة الأصلية GCL /
وكالة النسخ GCL
082 04 - رقم تصنيف ديوى العشرى
رقم التصنيف 650.75
رقم المادة ر ك
100 1# - المدخل الرئيسى - إسم شخصى
الإسم الشخصى راتب الزيات
245 10 - بيان العنوان
العنوان الكنز المكنون فى اصول كتابة الرسائل :
بقية العنوان باللغات العربية والانجليزية والفرنسية رسائل تجارية - اجتماعية - قانونية - بنوك /
بيان المسئوليه,etc راتب الزيات
260 ## - PUBLICATION, DISTRIBUTION, ETC. (IMPRINT)
تاريخ النشر أو التوزيع 1996
300 ## - الوصف المادى
التعداد 336 ص ؛
أبعاد الوعاء 24ؤ سم
650 04 - المدخل الاضافى بالموضوع-مصطلح موضوعى
مصطلح موضوعي ادارة الاعمال
650 04 - المدخل الاضافى بالموضوع-مصطلح موضوعى
مصطلح موضوعي المراسلات التجارية
942 ## - عناصر المدخل الإضافي( كوها)
مصدر التصنيف او مخطط الترفيف Dewey Decimal Classification
Koha [default] item type كتاب
260 ## - PUBLICATION, DISTRIBUTION, ETC. (IMPRINT)
-- بيروت :
-- دار الراتب الجامعية ،
Holdings
حالة التراجع حالة الفقد حالة تلف ليس للاعارة المكان المؤقت الموقع الحالى تاريخ الاكتساب اجمالي اﻻعارات رقم الطلب الباركود تاريخ اخر مشاهدة تاريخ تفعيل السعر نوع وعاء كوها
        مكتبة القاهرة الكبرى مكتبة القاهرة الكبرى 03/26/2014   650.75\ ر ك 116631 03/26/2014 03/26/2014 كتاب
        مكتبة القاهرة الكبرى مكتبة القاهرة الكبرى 03/26/2014   650.75\ ر ك 116632 03/26/2014 03/26/2014 كتاب
        مكتبة القاهرة الكبرى مكتبة القاهرة الكبرى 03/26/2014   650.75\ ر ك 116633 03/26/2014 03/26/2014 كتاب

Powered By

EGPV